Maeztu
Wedi'i Gadw mewn:
| Prif Awdur: | |
|---|---|
| Fformat: | Llyfr |
| Iaith: | Sbaeneg |
| Cyhoeddwyd: |
Madrid
Rialp
1955
|
| Cyfres: | Biblioteca del Pensamiento Actual, 50
|
| Pynciau: | |
| Tagiau: |
Ychwanegu Tag
Dim Tagiau, Byddwch y cyntaf i dagio'r cofnod hwn!
|
MARC
| LEADER | 00000nam a2200000 a 4500 | ||
|---|---|---|---|
| 001 | UCZ3651 | ||
| 003 | CL-VaPUC | ||
| 005 | 20220427074625.0 | ||
| 008 | 951027e19550000SP |||||||||||||||||spa|d | ||
| 999 | |c 240106 |d 240104 | ||
| 040 | |c Pontificia Universidad Católica de Valparaíso | ||
| 082 | 0 | 4 | |a 928 |b MAR |2 21 |
| 100 | |a Marrero Suárez, Vicente |e autor |9 313272 | ||
| 245 | 1 | 0 | |a Maeztu |
| 260 | |a Madrid |b Rialp |c 1955 | ||
| 300 | |a 755 p | ||
| 490 | 0 | |a Biblioteca del Pensamiento Actual, 50 | |
| 583 | |a last modification |c 19951027 00:00:00 |k Rodrigo Vera | ||
| 600 | |a Maeztu, Ramiro de, |d 1875-1936 |9 861918 | ||
| 650 | 0 | |a Biografías |9 255210 | |
| 650 | 0 | |a Literatura española |9 306261 | |
| 942 | |c BK |2 ddc | ||
| 945 | |d 19951027 00:00:00 |a rleighto | ||
| 952 | |0 0 |1 0 |4 0 |6 928_000000000000000_MAR_1955 |7 0 |8 A |9 251713 |a BIBEDU |b BIBEDU |d 2019-11-18 |i 3115224 |o 928 MAR 1955 |p 3115224 |r 2019-11-18 |w 2019-11-18 |y BK |k LIT | ||